La particularidad cubana: algunas notas sobre los movimientos sociales en Cuba /
Saved in:
| Main Author: | |
|---|---|
| Format: | Text |
| Tags: |
Add Tag
No Tags, Be the first to tag this record!
|
MARC
| LEADER | 00000 a a2200000 04500 | ||
|---|---|---|---|
| 001 | 44685 | ||
| 003 | |||
| 040 | |||
| 100 | |a Almeyra, Guillermo | ||
| 245 | |a La particularidad cubana: |b algunas notas sobre los movimientos sociales en Cuba / |c Guillermo Almeyra | ||
| 773 | |g volumen12, número30 ( , 2013), páginas 163-176 | ||
| 999 | |c 26227 |d 26227 | ||
